| 000 | 01024nam a2200265 i 4500 | ||
|---|---|---|---|
| 001 | bg | ||
| 100 | 1 | _aŁUBKOWSKA, Jolanta | |
| 245 | 1 | 0 |
_aZanieczyszczenie chemiczne powietrza w budynkach mieszkalnych i użyteczności publicznej = _bIndoor air chemical pollution of residental and public utility buildings / _cJolanta Łubkowska. |
| 260 |
_aWarszawa : _bITB, _c2002. |
||
| 300 |
_a83, [1] s. ; _c24 cm. |
||
| 490 | 1 |
_aPrace Naukowe Instytutu Techniki Budowlanej. Monografie = _aScientific Papers of the Building Research Institute. Monographs |
|
| 500 | _aStreszcz. ang. | ||
| 504 | _aBibliogr. | ||
| 650 | 9 |
_aPowietrze _xchemia _xbadanie |
|
| 650 | 9 |
_aBudownictwo mieszkaniowe _xhigiena |
|
| 650 | 9 |
_aBudownictwo użyteczności publicznej _xhigiena |
|
| 830 | 0 | _aPrace Naukowe Instytutu Techniki Budowlanej. Monografie | |
| 020 | _a8373701095 | ||
| 040 | _cBPK | ||
| 041 | 0 |
_apl _ben |
|
| 080 | _a69::725+728]:504.3.054 | ||
| 920 | _a83-7370-109-5 | ||
| 942 | _cKS | ||
| 008 | s pl f |000 0 pol | ||
| 999 |
_c41810 _d41810 |
||
| 856 |
_uhttp://koha.tu.koszalin.pl/cgi-bin/koha/opac-detail.pl?biblionumber=41810 _yKatalog online BPK |
||